=LDR 00000nam 2200000 4500 =001 INLIS000000000015491 =005 20130612110753 =008 ***********************************Indo** =035 ##$$0010-061300000015491 =041 ##$$a Indo =082 ##$$a R.603 =090 ##$$a R.603, Mar =100 ##$$a Markam Sumarmo =245 ##$$a Ensiklopedia Medika Untuk Umum, Dr.Soemarmo Makam =260 ##$$a 1972 $b Jakarta =300 ##$$a 289 hlm, ilus, 21 cm =650 ##$$a Medika-Ensiklopedia =850 ##$$a NBPNMAT